000
00304ngm a2200133Ia 4500
008
180904s9999||||xx ||| | || ||und||
020
_a
9780240812090
082
_a
777
_b
BRO/C
100
_a
Brown, Blain
245
0
_a
Cinematography
260
_a
UK
_b
Elsevier inc
_c
2013
300
_a
365p
942
_c
DVD
999
_c
2998
_d
2998